Normal view
MARC view
- ELECTRONIC INSTRUMENTATION AND MEASUREMENT TECHNIQUES
Entry Topical Term
001 - CONTROL NUMBER
- control field: 57436
003 - CONTROL NUMBER IDENTIFIER
- control field: NUST
005 - DATE AND TIME OF LATEST TRANSACTION
- control field: 20210628201925.0
008 - FIXED-LENGTH DATA ELEMENTS
- fixed length control field: 210628|| aca||aabn | a|a d
040 ## - CATALOGING SOURCE
- Original cataloging agency: NUST
- Transcribing agency: NUST
150 ## - HEADING--TOPICAL TERM
- Topical term or geographic name entry element: ELECTRONIC INSTRUMENTATION AND MEASUREMENT TECHNIQUES
670 ## - SOURCE DATA FOUND
- Source citation: Work cat.: (NUST): Helfrick, Albert. D ,Cooper, William. D 57435, Modern electronic instrumentation and measurement techniques, 2004
